[Event "HUN-chT1 Maroczy 2324"]
[Site "Hungary"]
[Date "2024.04.07"]
[Round "9.5"]
[White "Laszlo, Janos"]
[Black "Gathi, Donat"]
[Result "0-1"]
[WhiteElo "2186"]
[BlackElo "2232"]
[PlyCount "140"]
[EventDate "2023.10.08"]
[EventType "team-tourn"]
[EventRounds "11"]
[EventCountry "HUN"]
[SourceTitle "EXT 2025"]
[Source "ChessBase"]
[SourceDate "2024.10.14"]
[SourceVersion "1"]
[SourceVersionDate "2024.10.14"]
[SourceQuality "1"]
[WhiteTeam "Debrecen Sakkiskola"]
[BlackTeam "DVTK EMSE"]
[WhiteTeamCountry "HUN"]
[BlackTeamCountry "HUN"]

1. Nf3 Nf6 2. b3 g6 3. Bb2 Bg7 4. c4 d6 5. d4 0-0 6. g3 e5 7. dxe5 Ng4 8. Bg2 Nxe5 9. Nc3 Nbc6 10. 0-0 Re8 11. Qd2 Be6 12. Rfd1 Qd7 13. Nd5 Bxd5 14. cxd5 Nxf3+ 15. exf3 Ne7 16. Bxg7 Kxg7 17. Rac1 Kg8 18. Rc4 Rac8 19. f4 Red8 20. h4 c5 21. dxc6 bxc6 22. Kh2 d5 23. Bh3 f5 24. Rc5 Qd6 25. Qd4 Kf7 26. h5 Ng8 27. b4 Qf6 28. Ra5 Qxd4 29. Rxd4 Rc7 30. Ra3 Nf6 31. hxg6+ hxg6 32. Kg1 Ne4 33. Bg2 Nd6 34. Bf1 Rb8 35. Ra5 Ke6 36. a3 Rh8 37. Rc5 Ne4 38. Rc2 Ra8 39. Ba6 Rb8 40. Kg2 Kd6 41. Rd1 Rh8 42. Rdc1 Nf6 43. Bb5 Rhc8 44. Ba6 Rb8 45. Be2 Nd7 46. Rh1 c5 47. bxc5+ Rxc5 48. Rd2 Nf6 49. Bf3 Ra5 50. Rhd1 Rb3 51. a4 Ne4 52. Bxe4 fxe4 53. Rh1 Rxa4 54. Rh6 d4 55. f5 Ke5 56. fxg6 Kf6 57. Rh4 d3 58. g7 Kxg7 59. Rh1 Kf6 60. Re1 Rc3 61. f3 Rc2 62. Rxc2 dxc2 63. Rc1 Rc4 64. fxe4 Ke5 65. Kf3 Kd4 66. e5 Kd3 67. e6 Rc6 68. e7 Re6 69. Ra1 Rxe7 70. g4 Kd2 0-1

[Event "HUN-chT1 Maroczy 2324"]
[Site "Hungary"]
[Date "2023.10.08"]
[Round "1.6"]
[White "Laszlo, Janos"]
[Black "Tesik, Csaba"]
[Result "1/2-1/2"]
[WhiteElo "2186"]
[BlackElo "2294"]
[PlyCount "101"]
[EventDate "2023.10.08"]
[EventType "team-tourn"]
[EventRounds "11"]
[EventCountry "HUN"]
[SourceTitle "EXT 2025"]
[Source "ChessBase"]
[SourceDate "2024.10.14"]
[SourceVersion "1"]
[SourceVersionDate "2024.10.14"]
[SourceQuality "1"]
[WhiteTeam "Debrecen Sakkiskola"]
[BlackTeam "Maroczy"]
[WhiteTeamCountry "HUN"]
[BlackTeamCountry "HUN"]

1. Nf3 Nf6 2. c4 c5 3. e3 g6 4. Nc3 Bg7 5. d4 0-0 6. h3 d6 7. Bd3 Nc6 8. 0-0 e6 9. a3 b6 10. Rb1 cxd4 11. exd4 d5 12. Re1 dxc4 13. Bxc4 Bb7 14. Ba2 Ne7 15. Ne5 Nf5 16. Nxf7 Rxf7 17. Bxe6 Qf8 18. d5 Rd8 19. Bg5 h6 20. Bf4 Kh8 21. Qd3 Rfd7 22. Rbd1 Nxd5 23. Nxd5 Rxd5 24. Bxd5 Rxd5 25. Qc4 Qd8 26. Rxd5 Qxd5 27. Qxd5 Bxd5 28. Re8+ Kh7 29. Rd8 Bc6 30. Rc8 Ne7 31. Rc7 Nd5 32. Rxc6 Nxf4 33. b4 Nd5 34. Rd6 Nc3 35. Rd7 a5 36. Rb7 axb4 37. axb4 b5 38. Kf1 h5 39. Ke1 Kh6 40. Kd2 Ne4+ 41. Ke3 Nd6 42. Rb8 h4 43. f4 Bf6 44. Rb6 Be7 45. Kd4 Nf5+ 46. Ke5 Bxb4 47. Rxb5 Bc3+ 48. Kd5 Bd2 49. Ke5 Bc3+ 50. Kd5 Bd2 51. Ke5 1/2-1/2

[Event "HUN-chT1 Maroczy 2223"]
[Site "Hungary"]
[Date "2023.02.19"]
[Round "6.7"]
[White "Kelemen, David"]
[Black "Laszlo, Janos"]
[Result "0-1"]
[WhiteElo "2151"]
[BlackElo "2212"]
[PlyCount "160"]
[EventDate "2022.11.20"]
[EventType "team-tourn"]
[EventRounds "9"]
[EventCountry "HUN"]
[SourceTitle "EXT 2025"]
[Source "ChessBase"]
[SourceDate "2024.10.14"]
[SourceVersion "1"]
[SourceVersionDate "2024.10.14"]
[SourceQuality "1"]
[WhiteTeam "Maroczy"]
[BlackTeam "Debrecen Sakkiskola"]
[WhiteTeamCountry "HUN"]
[BlackTeamCountry "HUN"]

1. e4 e5 2. d4 exd4 3. Qxd4 Nc6 4. Qe3 Nf6 5. Nc3 Bb4 6. Bd2 0-0 7. 0-0-0 Re8 8. Qf4 d6 9. f3 Be6 10. g4 a6 11. g5 Nd7 12. Kb1 b5 13. Nd5 Bxd5 14. exd5 Bxd2 15. Qxd2 Nce5 16. b3 Nc5 17. h4 Rb8 18. h5 b4 19. Bg2 f6 20. Nh3 fxg5 21. Nxg5 Qf6 22. f4 Ned7 23. Bh3 Nf8 24. Rde1 a5 25. Ne6 a4 26. Rhg1 Nfxe6 27. dxe6 a3 28. c3 Na4 29. cxb4 Nc3+ 30. Kc1 Ne4 31. Qc2 Qxf4+ 32. Kb1 Nd2+ 33. Kc1 Nf3+ 34. Kb1 Nxg1 35. Rxg1 Re7 36. h6 Qxh6 37. Bf5 Rxb4 38. Qg2 Re8 39. Qc6 Rbb8 40. Rh1 Qf6 41. Bxh7+ Kf8 42. Qc1 Qb2+ 43. Qxb2 axb2 44. Re1 Ke7 45. Kxb2 Kf6 46. Bd3 Rxe6 47. Rf1+ Ke7 48. Rg1 Kf8 49. Bc4 Rf6 50. Rh1 Ke7 51. Rg1 Rf2+ 52. Kc3 Kf6 53. a4 c6 54. Bd3 g5 55. Rh1 Rf3 56. Ra1 g4 57. a5 g3 58. a6 Ke5 59. Re1+ Kd5 60. Ra1 Rxd3+ 61. Kxd3 Rxb3+ 62. Ke2 Rb8 63. a7 Ra8 64. Kf3 Kc5 65. Kxg3 Kb6 66. Kf4 Rxa7 67. Rd1 d5 68. Ke5 Ra4 69. Kd6 Rc4 70. Rb1+ Ka5 71. Ke5 d4 72. Ke4 c5 73. Kd3 Rc3+ 74. Kd2 Ka4 75. Rb8 Rb3 76. Rc8 Kb4 77. Kc2 Rh3 78. Rb8+ Kc4 79. Rg8 Rh2+ 80. Kd1 Kc3 0-1

[Event "HUN-ch Rapid"]
[Site "Ajka"]
[Date "2022.07.16"]
[Round "7"]
[White "Horvath, Kristof"]
[Black "Laszlo, Janos"]
[Result "1-0"]
[WhiteElo "2053"]
[BlackElo "2214"]
[PlyCount "73"]
[EventDate "2022.07.15"]
[EventType "swiss (rapid)"]
[EventRounds "13"]
[EventCountry "HUN"]
[SourceTitle "CBM 209 Extra"]
[Source "ChessBase"]
[SourceDate "2022.09.30"]
[SourceVersion "1"]
[SourceVersionDate "2022.09.30"]
[SourceQuality "1"]

1. e4 e5 2. Nf3 d5 3. exd5 Bd6 4. Nc3 Nf6 5. Be2 0-0 6. d3 h6 7. 0-0 c6 8. dxc6 Nxc6 9. Ne4 Bc7 10. Be3 Nd5 11. Bc5 Re8 12. c4 Nf4 13. h3 Bf5 14. Be3 Ne6 15. Nc3 Qd7 16. Nd5 Rad8 17. Bxh6 Ne7 18. Nxc7 Qxc7 19. Be3 e4 20. Ne1 exd3 21. Nxd3 Rxd3 22. Bxd3 Rd8 23. Qa4 Bxd3 24. Rfd1 b6 25. Rd2 Bxc4 26. Rxd8+ Nxd8 27. Qe8+ Kh7 28. Rc1 b5 29. b3 Nf5 30. bxc4 Nxe3 31. Qxe3 bxc4 32. Qe4+ g6 33. Rxc4 Qb6 34. Qh4+ Kg7 35. Qd4+ Qxd4 36. Rxd4 Ne6 37. Ra4 1-0

[Event "HUN-chT2 Maroczy 1819"]
[Site "Hungary"]
[Date "2019.02.24"]
[Round "8.7"]
[White "Brandics, Jozsef"]
[Black "Laszlo, Janos"]
[Result "0-1"]
[WhiteElo "2220"]
[BlackElo "2207"]
[PlyCount "68"]
[EventDate "2018.09.23"]
[EventType "team-tourn"]
[EventRounds "11"]
[EventCountry "HUN"]
[SourceTitle "EXT 2020"]
[Source "ChessBase"]
[SourceDate "2019.10.17"]
[SourceVersion "1"]
[SourceVersionDate "2019.10.17"]
[SourceQuality "1"]
[WhiteTeam "Toth Laszlo"]
[BlackTeam "Debrecen Kwizda"]
[WhiteTeamCountry "HUN"]
[BlackTeamCountry "HUN"]

1. d4 d5 2. Bg5 h6 3. Bh4 c5 4. dxc5 g5 5. Bg3 Bg7 6. Bxb8 Rxb8 7. c3 a5 8. e3 Nf6 9. Bb5+ Bd7 10. Bxd7+ Qxd7 11. Nf3 Ne4 12. 0-0 0-0 13. Nbd2 Nxc5 14. Nb3 b6 15. Nxc5 bxc5 16. Qc2 Rb6 17. Rab1 Rfb8 18. g3 Qb7 19. Qd3 c4 20. Qd1 e6 21. h4 gxh4 22. gxh4 Rxb2 23. Rc1 Rxa2 24. Nd4 Kh8 25. Qh5 Rg8 26. Kh1 Qe7 27. f4 Qf6 28. Rg1 Bf8 29. Nf3 Rxg1+ 30. Rxg1 Rb2 31. Ne5 Rb7 32. Ra1 Ra7 33. Rb1 Kh7 34. Nf3 Qg6 0-1

[Event "HUN-chT2 Maroczy 1819"]
[Site "Hungary"]
[Date "2018.12.02"]
[Round "5.6"]
[White "Laszlo, Janos"]
[Black "Ondok, Laszlo"]
[Result "1/2-1/2"]
[WhiteElo "2207"]
[BlackElo "2153"]
[PlyCount "59"]
[EventDate "2018.09.23"]
[EventType "team-tourn"]
[EventRounds "11"]
[EventCountry "HUN"]
[SourceTitle "EXT 2020"]
[Source "ChessBase"]
[SourceDate "2019.10.17"]
[SourceVersion "1"]
[SourceVersionDate "2019.10.17"]
[SourceQuality "1"]
[WhiteTeam "Debrecen Kwizda"]
[BlackTeam "Kisujszallas"]
[WhiteTeamCountry "HUN"]
[BlackTeamCountry "HUN"]

1. Nf3 d5 2. e3 c6 3. c4 Nf6 4. Nc3 e6 5. d4 Nbd7 6. Bd3 dxc4 7. Bxc4 b5 8. Bb3 Bb7 9. 0-0 b4 10. Ne2 Bd6 11. Re1 0-0 12. Ng3 c5 13. Bd2 a5 14. Rc1 Rc8 15. Qe2 Qb6 16. dxc5 Nxc5 17. Bc4 Rfd8 18. Red1 Na4 19. Be1 Bxf3 20. gxf3 Be5 21. Rxd8+ Rxd8 22. b3 Nc5 23. f4 Bb8 24. Qf3 Qd6 25. Kg2 h6 26. Rc2 Qd1 27. Qxd1 Rxd1 28. Rd2 Rxd2 29. Bxd2 Nfe4 30. Nxe4 1/2-1/2

[Event "HUN-ch rapid"]
[Site "Ajka"]
[Date "2018.07.22"]
[Round "11"]
[White "Laszlo, Janos"]
[Black "Kiss, Pal"]
[Result "1/2-1/2"]
[WhiteElo "2207"]
[BlackElo "2275"]
[PlyCount "47"]
[EventDate "2018.07.20"]
[EventType "swiss (rapid)"]
[EventRounds "13"]
[EventCountry "HUN"]
[SourceTitle "EXT 2019"]
[Source "ChessBase"]
[SourceDate "2018.10.10"]
[SourceVersion "1"]
[SourceVersionDate "2018.10.10"]
[SourceQuality "1"]

1. c4 e6 2. d4 d5 3. Nc3 c6 4. e3 Nf6 5. Nf3 Nbd7 6. Bd3 dxc4 7. Bxc4 b5 8. Bb3 b4 9. Ne2 Bd6 10. 0-0 0-0 11. Re1 Bb7 12. Ng3 c5 13. Bd2 a5 14. Rc1 Qb6 15. dxc5 Nxc5 16. Bc4 Rfd8 17. Qe2 Nfe4 18. Red1 Nxd2 19. Rxd2 Be7 20. Rcd1 Rxd2 21. Rxd2 Rd8 22. Rxd8+ Qxd8 23. b3 g6 24. Qd2 1/2-1/2

[Event "HUN-chT2 Maroczy 1718"]
[Site "Hungary"]
[Date "2018.01.28"]
[Round "5.6"]
[White "Szollosi, Laszlo Jr"]
[Black "Laszlo, Janos"]
[Result "1/2-1/2"]
[WhiteElo "2126"]
[BlackElo "2227"]
[PlyCount "37"]
[EventDate "2017.10.29"]
[EventType "team-tourn"]
[EventRounds "9"]
[EventCountry "HUN"]
[SourceTitle "EXT 2021"]
[Source "ChessBase"]
[SourceDate "2020.10.23"]
[SourceVersion "1"]
[SourceVersionDate "2020.10.23"]
[SourceQuality "1"]
[WhiteTeam "Dunaharaszti II"]
[BlackTeam "Debrecen Sakkiskola"]
[WhiteTeamCountry "HUN"]
[BlackTeamCountry "HUN"]

1. Nf3 Nf6 2. b3 g6 3. Bb2 Bg7 4. e3 0-0 5. Be2 d6 6. d4 Nbd7 7. Qc1 Re8 8. c4 e5 9. Nc3 exd4 10. Nxd4 Ne5 11. 0-0 Bg4 12. Qd1 h5 13. Rc1 a6 14. Nf3 Nfd7 15. Re1 Nxf3+ 16. Bxf3 Ne5 17. Be2 Qh4 18. Qd2 Be6 19. Nd5 1/2-1/2

[Event "HUN-chT2 Barcza 1516"]
[Site "Hungary"]
[Date "2016.02.28"]
[Round "8.5"]
[White "Toth, Janos"]
[Black "Laszlo, Janos"]
[Result "0-1"]
[WhiteElo "2151"]
[BlackElo "2250"]
[PlyCount "68"]
[EventDate "2015.09.13"]
[EventType "team-tourn"]
[EventRounds "11"]
[EventCountry "HUN"]
[SourceTitle "EXT 2017"]
[Source "ChessBase"]
[SourceDate "2016.10.25"]
[SourceVersion "1"]
[SourceVersionDate "2016.10.25"]
[SourceQuality "1"]
[WhiteTeam "Hajduboszormeny"]
[BlackTeam "Kwizda Sakkiskola"]
[WhiteTeamCountry "HUN"]
[BlackTeamCountry "HUN"]

1. d4 c5 2. c3 e6 3. Nf3 Qb6 4. Qb3 Qc7 5. Bg5 h6 6. Bh4 cxd4 7. Bg3 d6 8. Nxd4 a6 9. Nd2 e5 10. N4f3 Be6 11. Qc2 Nf6 12. e4 Be7 13. Be2 0-0 14. 0-0 Nbd7 15. Rfd1 Nh5 16. Nf1 Nxg3 17. hxg3 Nf6 18. Ne3 Rfd8 19. Nh4 d5 20. exd5 Nxd5 21. Nxd5 Bxd5 22. Nf5 Bg5 23. Bf3 Be6 24. Be4 g6 25. Nh4 f5 26. Bd3 e4 27. Bf1 Kg7 28. Rxd8 Rxd8 29. Rd1 Bf6 30. Rxd8 Qxd8 31. f3 g5 32. fxe4 gxh4 33. exf5 hxg3 34. fxe6 Bd4+ 0-1

[Event "HUN-chT2 Barcza 1516"]
[Site "Hungary"]
[Date "2016.02.14"]
[Round "7.5"]
[White "Laszlo, Janos"]
[Black "Nagy, Kalman"]
[Result "1/2-1/2"]
[WhiteElo "2250"]
[BlackElo "2018"]
[PlyCount "38"]
[EventDate "2015.09.13"]
[EventType "team-tourn"]
[EventRounds "11"]
[EventCountry "HUN"]
[SourceTitle "EXT 2017"]
[Source "ChessBase"]
[SourceDate "2016.10.25"]
[SourceVersion "1"]
[SourceVersionDate "2016.10.25"]
[SourceQuality "1"]
[WhiteTeam "Kwizda Sakkiskola"]
[BlackTeam "SSASSE"]
[WhiteTeamCountry "HUN"]
[BlackTeamCountry "HUN"]

1. e4 e6 2. d4 d5 3. Nd2 dxe4 4. Nxe4 b6 5. Nf3 Bb7 6. Bb5+ Bc6 7. Bd3 Nd7 8. 0-0 Ngf6 9. Qe2 Be7 10. c4 0-0 11. Nc3 Re8 12. Be3 Bd6 13. Rac1 Bb7 14. c5 Be7 15. b4 Nd5 16. Nxd5 Bxd5 17. Ne5 Nxe5 18. dxe5 bxc5 19. bxc5 c6 1/2-1/2

[Event "HUN-chT2 Barcza 1516"]
[Site "Hungary"]
[Date "2015.11.29"]
[Round "5.5"]
[White "Laszlo, Janos"]
[Black "Pribelszky, Bence Daniel"]
[Result "1-0"]
[WhiteElo "2254"]
[BlackElo "2048"]
[PlyCount "39"]
[EventDate "2015.09.13"]
[EventType "team-tourn"]
[EventRounds "11"]
[EventCountry "HUN"]
[SourceTitle "CBM 170 Extra"]
[Source "ChessBase"]
[SourceDate "2016.02.25"]
[SourceVersion "1"]
[SourceVersionDate "2016.02.25"]
[SourceQuality "1"]
[WhiteTeam "Kwizda Sakkiskola"]
[BlackTeam "Miskolc KisBocsok"]
[WhiteTeamCountry "HUN"]
[BlackTeamCountry "HUN"]

1. e4 c5 2. Nc3 Nc6 3. Bb5 e5 4. Bxc6 bxc6 5. d3 g6 6. f4 Bg7 7. fxe5 Bxe5 8. Nf3 Bg7 9. 0-0 Ne7 10. e5 f6 11. Ne4 0-0 12. exf6 Bxf6 13. Nxf6+ Rxf6 14. Bg5 Rf7 15. Qe2 Qf8 16. Ne5 Rf5 17. g4 Rxg5 18. Rxf8+ Kxf8 19. Rf1+ Ke8 20. h4 1-0

[Event "HUN-chT2 Barcza 1314"]
[Site "Hungary"]
[Date "2014.04.27"]
[Round "11"]
[White "Laszlo, Janos"]
[Black "Farkas, Adam"]
[Result "1/2-1/2"]
[WhiteElo "2280"]
[BlackElo "2169"]
[PlyCount "39"]
[EventDate "2013.09.08"]
[EventType "team-tourn"]
[EventRounds "11"]
[EventCountry "HUN"]
[SourceTitle "EXT 2016"]
[Source "ChessBase"]
[SourceDate "2015.10.08"]
[SourceVersion "1"]
[SourceVersionDate "2015.10.08"]
[SourceQuality "1"]
[WhiteTeam "Debrecen Sakkiskola"]
[BlackTeam "Debrecen EAC"]
[WhiteTeamCountry "HUN"]
[BlackTeamCountry "HUN"]

1. Nf3 Nf6 2. c4 c5 3. e3 g6 4. Nc3 Bg7 5. d4 0-0 6. h3 b6 7. Bd3 Bb7 8. 0-0 cxd4 9. exd4 d5 10. Re1 dxc4 11. Bxc4 Nc6 12. a3 Na5 13. Ba2 Rc8 14. d5 Rxc3 15. bxc3 Nxd5 16. Bxd5 Bxd5 17. Bg5 f6 18. Bh4 Qd7 19. Qe2 e5 20. Nd2 1/2-1/2

[Event "HUN-chT2 Barcza 1314"]
[Site "Hungary"]
[Date "2014.03.02"]
[Round "8"]
[White "Forgacs, Jozsef"]
[Black "Laszlo, Janos"]
[Result "1/2-1/2"]
[WhiteElo "2259"]
[BlackElo "2280"]
[PlyCount "22"]
[EventDate "2013.09.08"]
[EventType "team-tourn"]
[EventRounds "11"]
[EventCountry "HUN"]
[SourceTitle "EXT 2016"]
[Source "ChessBase"]
[SourceDate "2015.10.08"]
[SourceVersion "1"]
[SourceVersionDate "2015.10.08"]
[SourceQuality "1"]
[WhiteTeam "Hajduszoboszlo"]
[BlackTeam "Debrecen Sakkiskola"]
[WhiteTeamCountry "HUN"]
[BlackTeamCountry "HUN"]

1. c4 Nf6 2. Nf3 c5 3. g3 b6 4. Bg2 Bb7 5. b3 e6 6. 0-0 Be7 7. Bb2 0-0 8. e3 a6 9. Qe2 d6 10. d3 Nbd7 11. Nbd2 Qc7 1/2-1/2

[Event "HUN-chT2 Barcza 1314"]
[Site "Hungary"]
[Date "2014.02.16"]
[Round "7"]
[White "Laszlo, Janos"]
[Black "Barva, Attila"]
[Result "1/2-1/2"]
[WhiteElo "2280"]
[BlackElo "2398"]
[PlyCount "26"]
[EventDate "2013.09.08"]
[EventType "team-tourn"]
[EventRounds "11"]
[EventCountry "HUN"]
[SourceTitle "EXT 2016"]
[Source "ChessBase"]
[SourceDate "2015.10.08"]
[SourceVersion "1"]
[SourceVersionDate "2015.10.08"]
[SourceQuality "1"]
[WhiteTeam "Debrecen Sakkiskola"]
[BlackTeam "Edeleny"]
[WhiteTeamCountry "HUN"]
[BlackTeamCountry "HUN"]

1. e4 e6 2. d4 d5 3. Nd2 Nf6 4. Bd3 c5 5. c3 cxd4 6. cxd4 Nc6 7. Ngf3 Bb4 8. e5 Ne4 9. 0-0 f5 10. exf6 Nxf6 11. a3 Bd6 12. b4 0-0 13. Re1 Qb6 1/2-1/2

[Event "HUN-chT2 Barcza 1314"]
[Site "Hungary"]
[Date "2013.11.03"]
[Round "4"]
[White "Laszlo, Janos"]
[Black "Okhotnik, Vladimir"]
[Result "0-1"]
[WhiteElo "2280"]
[BlackElo "2418"]
[PlyCount "72"]
[EventDate "2013.09.08"]
[EventType "team-tourn"]
[EventRounds "11"]
[EventCountry "HUN"]
[SourceTitle "EXT 2016"]
[Source "ChessBase"]
[SourceDate "2015.10.08"]
[SourceVersion "1"]
[SourceVersionDate "2015.10.08"]
[SourceQuality "1"]
[WhiteTeam "Debrecen Sakkiskola"]
[BlackTeam "Kazincbarcika"]
[WhiteTeamCountry "HUN"]
[BlackTeamCountry "HUN"]

1. e4 c5 2. c3 d5 3. exd5 Qxd5 4. d4 g6 5. Nf3 Bg7 6. Be2 Nf6 7. 0-0 0-0 8. Ne5 Na6 9. Bf3 Qd8 10. d5 Nc7 11. c4 Nfxd5 12. Nxf7 Rxf7 13. cxd5 Nb5 14. Re1 Nd4 15. Be4 Bf5 16. Nc3 Qd7 17. Qd3 Raf8 18. Be3 b5 19. Rad1 a6 20. Ne2 c4 21. Qb1 Bxe4 22. Qxe4 Nf5 23. Nd4 Nxd4 24. Bxd4 Rf4 25. Qe3 Bxd4 26. Rxd4 Rxf2 27. Qxf2 Rxf2 28. Kxf2 Qd6 29. g3 Qf6+ 30. Rf4 Qxb2+ 31. Re2 Qa3 32. Kg2 Qc5 33. Kh3 c3 34. Rc2 b4 35. Rcf2 Qc8+ 36. g4 c2 0-1

[Event "HUN-chT2 Barcza 1314"]
[Site "Hungary"]
[Date "2013.09.22"]
[Round "2"]
[White "Laszlo, Janos"]
[Black "Korpas, Zoltan"]
[Result "1/2-1/2"]
[WhiteElo "2280"]
[BlackElo "2117"]
[PlyCount "57"]
[EventDate "2013.09.08"]
[EventType "team-tourn"]
[EventRounds "11"]
[EventCountry "HUN"]
[SourceTitle "EXT 2016"]
[Source "ChessBase"]
[SourceDate "2015.10.08"]
[SourceVersion "1"]
[SourceVersionDate "2015.10.08"]
[SourceQuality "1"]
[WhiteTeam "Debrecen Sakkiskola"]
[BlackTeam "Nyiregyhaza"]
[WhiteTeamCountry "HUN"]
[BlackTeamCountry "HUN"]

1. e4 e5 2. Nf3 Nc6 3. Bb5 Nd4 4. Nxd4 exd4 5. 0-0 Bc5 6. d3 Ne7 7. Qh5 Bb6 8. Bg5 0-0 9. Bc4 Qe8 10. Nd2 d6 11. f4 Kh8 12. Bxe7 Qxe7 13. f5 Qf6 14. Nf3 g6 15. fxg6 Qxg6 16. Qh4 Rg8 17. g3 Be6 18. Bxe6 fxe6 19. Rf2 Rg7 20. Raf1 Rag8 21. Ne1 Qg5 22. Qxg5 Rxg5 23. Rf6 R5g6 24. Ng2 Re8 25. Rxg6 hxg6 26. Rf7 Kg8 27. Rd7 g5 28. g4 Rf8 29. Re7 1/2-1/2

[Event "HUN-chT2 Barcza 1213"]
[Site "Hungary"]
[Date "2012.11.04"]
[Round "3.2"]
[White "Laszlo, Janos"]
[Black "Hidegh, Gabor"]
[Result "1-0"]
[WhiteElo "2283"]
[BlackElo "2145"]
[PlyCount "55"]
[EventDate "2012.09.16"]
[EventType "team-tourn"]
[EventRounds "11"]
[EventCountry "HUN"]
[SourceTitle "EXT 2014"]
[Source "ChessBase"]
[SourceDate "2013.11.20"]
[SourceVersion "1"]
[SourceVersionDate "2013.11.20"]
[SourceQuality "1"]
[WhiteTeam "Debrecen Sakkiskola"]
[BlackTeam "DEAC"]
[WhiteTeamCountry "HUN"]
[BlackTeamCountry "HUN"]

1. e4 c5 2. d4 cxd4 3. c3 dxc3 4. Nxc3 Nc6 5. Nf3 d6 6. Bc4 a6 7. Bg5 Nf6 8. 0-0 e6 9. Qe2 h6 10. Bf4 e5 11. Be3 Ng4 12. Rad1 Nxe3 13. fxe3 Be6 14. Bxe6 fxe6 15. Nd2 Qg5 16. Nc4 0-0-0 17. Rf7 Be7 18. b4 Qg6 19. Rff1 d5 20. exd5 exd5 21. Nxd5 Bxb4 22. Nxb4 Nxb4 23. Nxe5 Qe4 24. Nf7 Nd5 25. Nxh8 Rxh8 26. Rd4 Qxe3+ 27. Qxe3 Nxe3 28. Rf3 1-0